Backlash : the undeclared war against American women = Reacción: la guerra no declarada contra las mujeres /
সংরক্ষণ করুন:
| প্রধান লেখক: | |
|---|---|
| বিন্যাস: | অজ্ঞাত |
| ভাষা: | English |
| প্রকাশিত: |
New York :
Anchor books,
1992.
|
| বিষয়গুলি: | |
| ট্যাগগুলো: |
ট্যাগ যুক্ত করুন
কোনো ট্যাগ নেই, প্রথমজন হিসাবে ট্যাগ করুন!
|
MARC
| LEADER | 000000000a22000000004500 | ||
|---|---|---|---|
| 001 | 011933 | ||
| 020 | |a 0385425074 | ||
| 041 | 0 | |a eng | |
| 082 | 0 | 4 | |a 305.420.9 |b F194b |
| 100 | 1 | |a Faludi, Susan | |
| 245 | 1 | 0 | |a Backlash : |b the undeclared war against American women = Reacción: la guerra no declarada contra las mujeres / |c Susan Faludi. |
| 246 | 3 | 1 | |a Reacción: la guerra no declarada contra las mujeres |
| 260 | 1 | |a New York : |b Anchor books, |c 1992. | |
| 300 | |a 552 páginas | ||
| 500 | |a Material disponible en BCMA | ||
| 650 | 4 | |a FEMINISMO | |
| 650 | 4 | |a ESTADOS UNIDOS | |
| 650 | 4 | |a MUJERES | |
| 650 | 4 | |a CUESTIONES SOCIALES | |
| 500 | |a Colección George Yúdice | ||
| 999 | |c 17954 |d 17954 | ||
| 942 | |c BK |h 305.420.9 F194b |2 z | ||



